Miasta z największymi portami na świecie - Statystyki

Ogólne statystyki
  • Ten quiz został rozwiązany 26 razy
  • Średni wynik to 5 z 20
Statystyki odpowiedzi
# Roczny przeładunek (mln TEU) Miasto % Poprawnych
1 49,15 Szanghaj
86%
20 7,81 Nowy Jork
81%
12 13,44 Rotterdam
76%
18 8,63 Los Angeles
67%
2 39,01 Singapur
52%
10 14,34 Hongkong
48%
8 20,8 Kanton
43%
14 12,5 Antwerpia
19%
4 29,88 Shenzhen
19%
6 22,75 Busan
10%
16 8,8 Kaohsiung
5%
11 14,06 Klang
5%
3 35,3 Ningbo
5%
5 26,39 Qingdao
5%
9 14,5 Jebel Ali
0%
17 8,68 Laem Chabang
0%
19 8 Long Beach
0%
15 10,48 Tanjung Pelepas
0%
7 21 Tianjin
0%
13 12,55 Xiamen
0%
Nie znaleziono quizów pasujących do podanych kryteriów
Rozkład punktacji
Procent ludzi z każdym wynikiem
Percentyl według liczby udzielonych odpowiedzi
Twoja historia wyników
Nie rozwiązałeś tego quizu